00686nam a2200181 a 4500008004100000050001400041100001700055245002500072246002700097260004600124300002400170350000900194650001500203650004600218995009300264999001700357952013000374120416s1964 ||||||||||||||||| || u aHD 82 Alp aAlpert, Paul10aEconomic development aobjectives and methods a[New York]bFree Press of Glencoec[1964] a[xii], 308p. : ill. a0.00 0aMANAGEMENT 0aECONOMIC DEVELOPMENT--AFRICA, SUB-SAHARAN D0.00FCBU-MAIN LIBRARY (Kitwe)H1I0.00M1UDAMAGEDZMain Library Open Access Collection c40778d40778 00102lcc4070a001b001cMain Library Open Access Collectiond2022-11-30l0oHD 82 Alpp003980r2022-11-30w2022-11-30y002